1486 1152 1462 1270 1682 1891 1987 1809 1356 1003 1007 1158 1250 1246 1191 1361 1137 1697 1672 1503 1424 1839 1242 1538 1167 1059 1083 1435 1690 1698 1366 1558 1572 1102 1221 1597 2000 1056 1083 1839 1136 1426 1115 1553 1541 1687 1310 1410 1500 1125 1118 1367 1158 1358 1018 1493 1095 1374 1779 1017 1178 1228 1950 1370 1151 1171 1218 1386 1963 1619 1942 1136 1030 1249 1437 1130 1972 1103 1997 1370 1969 1416 1080 1563 1547 1025 1292 1526 1671 1132 1042 1723 1620 1935 1299 1763 1847 1454 1982 BCNSPRNW ULIB Ver.6.0+V

เปลี่ยนเป็นภาษาไทย

Change to English
 แสดงรายละเอียดบรรณานุกรม
  กลับหน้าหลัก

Brief Record : Get Marc (ISO 2709) : E-mail record : QR code < ปิดหน้าต่าง
LEADER : 00000nam 2200000uu 4500
001    13399112919
003     ULIB
008    110919s2553||||th 000 0 tha d
020    9786167081670
090    นว.^bด432ล 2553
100 0  ดาลัน
245 00 เล่ห์มาร/^cดาลัน
250    พิมพ์ครั้งที่ 1
260    กรุงเทพฯ :^bSMART BOOK,^c2553
300    453 หน้า
945    ^p290^l0^i16658
995    กัณชพร
999     ^aใช้งานได้ทุกระบบ
รายการนี้ยังไม่มีแท็ก
คุณยังไม่ได้ล็อกอิน คุณสามารถมีกิจกรรมร่วมกับเว็บไซต์ได้ แต่ต้องล็อกอินก่อน ::
  ล็อกอิน

รายการสื่อสารสนเทศ

ลำดับที่ ประเภท เลขเรียก/บาร์โค้ด สถานที่ สถานะ
1. นวนิยาย
นวนิยาย
นว. ด432ล 2553  
  Barcode: 16658
ห้องสมุดวิทยาเขตสวรรค์ประชารักษ์
►นวนิยาย
บนชั้น
  ขอยืม

BibComment


ยังไม่เคยถูกคอมเมนท์

คอมเมนท์ทรัพยากรรายการนี้
  คอมเมนท์: เล่ห์มาร ดาลัน


 Copyright 2026. Bcnsprnw @Library